000 00352nam a22001217a 4500
999 _c3376
_d3376
005 20201130120433.0
008 201130b ||||| |||| 00| 0 eng d
020 _a416787207
040 _cCML
245 _aEngland Under the Tudors.
_cElton G.R.
260 _aLondon
_bMethuen and Co Ltd
_c1955
942 _2ddc
_cBK
_e1st Edition
_h942
_mELT